Využívanie informačných a komunikačných technológií v krajinách EÚ diplomová práca

Gespeichert in:
Bibliographische Detailangaben
1. Verfasser: Grošová, Mária
Körperschaft: Podnikovohospodárska fakulta EU so sídlom v Košiciach. Katedra hospodárskej informatiky a matematiky
Weitere Verfasser: Megyesiová, Silvia, 1969-
Format: Buch
Sprache:Slowakisch
Veröffentlicht: Košice 2014
Tags: Tag hinzufügen
Keine Tags, Fügen Sie das erste Tag hinzu!

MARC

LEADER 00000nbm a2200000 4500
001 0187149
005 20170201084819.7
041 0 |a slo 
044 |a SK 
245 1 0 |a Využívanie informačných a komunikačných technológií v krajinách EÚ  |b diplomová práca  |c Mária Grošová ; školiteľ: Silvia Megyesiová 
264 1 |a Košice  |c 2014 
300 |a 83 s. 
100 1 |a Grošová, Mária 
700 1 |a Megyesiová, Silvia, 1969- 
710 2 |a Podnikovohospodárska fakulta EU so sídlom v Košiciach. Katedra hospodárskej informatiky a matematiky